000 00357nam a2200157Ia 4500
003 OSt
005 20240412123801.0
008 170524s9999 xx 000 0 und d
020 _a978-8120303973
040 _ciimtu
100 _aMurdick Robert
245 0 _aInformations System for Moden Management
260 _bPHI
260 _c2009
942 _2ddc
_c02
999 _c5601
_d5601